| 000 | 00644cab a2200229 4500 | ||
|---|---|---|---|
| 001 | WB3017-63 | ||
| 008 | 090401t1994 xxu||||| |||| 00| 0 eng d | ||
| 035 | _a(Sirsi) u42053 | ||
| 041 | _aeng | ||
| 245 | _aSuper willows | ||
| 260 | _c1994 | ||
| 350 | _a0 | ||
| 490 |
_aDaily Telegraph _v30 April 1994, 11(2) |
||
| 520 | _aFast growing willows are to be developed to turn thousands of acres of set-aside land into forests of green fuel for power stations. | ||
| 650 | _aALTERNATIVE FUELS | ||
| 650 | _aBIOMASS | ||
| 650 | _aFUEL COPPICING | ||
| 650 | _aSET-ASIDE | ||
| 690 | _aRURAL PRACTICE | ||
| 942 | _n0 | ||
| 948 | _c04/03/1997 | ||
| 999 |
_c27013 _d27013 |
||